Evaluacion para el planeamiento de programas de educacion para la salud : (Registro nro. 13057)
[ vista simple ]
| 000 -LIDER | |
|---|---|
| fixed length control field | 00759nam a22002057a 4500 |
| 003 - IDENTIFICACDOR DE NÚMERO DE CONTROL | |
| control field | DO-SdBNP |
| 005 - DATE AND TIME OF LATEST TRANSACTION | |
| control field | 20171124104415.0 |
| 008 - ELEMENTOS DE LONGITUD FIJA | |
| fixed length control field | 171123b 1990 nyu a ||||| |||| 00| 0 spa d |
| 020 ## - ISBN | |
| International Standard Book Number | 9275710279 |
| 040 ## - FUENTE DE CATALOGACIÓN | |
| Agencia que crea de manera original el registro | BPMSU |
| Idioma de catalogación | spa |
| Agencia que realiza la transcripción | BPMSU |
| 092 ## - LOCALLY ASSIGNED DEWEY DECIMAL CALL NUMBER | |
| Número de clasificación | xxxxx |
| Número de ítem (Cutter) | xxxxx |
| 245 00 - MENCIÓN DE TITULO | |
| Título | Evaluacion para el planeamiento de programas de educacion para la salud : |
| Subtítulo | guía para técnicos medios y auxiliares. |
| 260 ## - PUBLICACIÓN, DISTRIBUCIÓN, ETC. (PIE DE IMPRENTA) | |
| Lugar de publicación, distribución, etc | Estados Unidos : |
| Nombre del editor, distribuidor, etc. | OPS (Organizacion Panamericana de la Salud), |
| Fecha de publicación, distribución, etc | 1990. |
| 300 ## - DESCRIPCIÓN FÍSICA | |
| Extensión | 106 p. : |
| Otros detalles físicos | il. ; |
| Dimensiones | 23 cm. |
| 490 1# - MENCIÓN DE SERIES | |
| Mención de serie | Paltex para Tecnicos Medios y Auxiliares |
| Volume/sequential designation | 18 |
| 830 #0 - ASIENTO SECUNDARIO DE SERIE--TÍTULO UNIFORME | |
| Título uniforme | Paltex para Tecnicos Medios y Auxiliares |
| Volume number/sequential designation | 18 |
| 942 ## - ADDED ENTRY ELEMENTS (KOHA) | |
| Source of classification or shelving scheme | Dewey Decimal Classification |
| Koha item type | Libros |
| 945 ## - INFORMACIÓN DE PROCESAMIENTO LOCAL | |
| Información de procesamiento local | Inventario / 2017 LP |
| 956 ## - LOCAL ELECTRONIC LOCATION AND ACCESS (OCLC) | |
| Nombre de host | LOPEREZ |
| Número de acceso | 10 |
| Información de compresión | 20171123 |
| Procesador de solicitud | 0041 |
| Instrucción | BPMSU |
| Withdrawn status | Lost status | Source of classification or shelving scheme | Damaged status | Not for loan | Collection code | Home library | Current library | Date acquired | Source of acquisition | Total Checkouts | Barcode | Date last seen | Price effective from | Koha item type |
|---|---|---|---|---|---|---|---|---|---|---|---|---|---|---|
| Dewey Decimal Classification | Colección General | Biblioteca Pública Metropolitana Salomé Ureña | Biblioteca Pública Metropolitana Salomé Ureña | 11/23/2017 | FUNDI | BPMSU17110385 | 11/23/2017 | 11/23/2017 | Libros |